Memoria de la melancolía /

María Teresa León Goyri (1903-1988), escritora, actriz y directora de escena. Realizó estudios de Filosofía y Letras en la Institución Libre de Enseñanza. Casada en segundas nupcias con Rafael Alberti, vivieron fuera de su país, primero por motivos de estudio y luego por cuestiones políticas; de est...

Descripción completa

Guardado en:
Detalles Bibliográficos
Autor principal: León, María Teresa (autor)
Formato: Libro
Idioma:Español
Publicado: Barcelona, España : Bruguera, 1982, c1982
Colección:(Libro Amigo ; 924)
Temas:
Etiquetas: Agrega una etiqueta
Sin etiquetas, Sé el primero en etiquetar este registro!

MARC

LEADER 00000nam^a2200000^a^4500
001 000184843
005 20250521000000.0
009 20260310102130.326
020 |a 84-02-08841-4 
037 |a Acervo ITESO - Biblioteca 
041 |a ESP 
082 |a 860. 92  |b LEO 
100 |a León, María Teresa  |e (autor) 
245 1 0 |a Memoria de la melancolía /  |c M.T. León. 
264 4 |a Barcelona, España :  |b Bruguera,  |c 1982, c1982 
300 |a 382 p. 
336 |a texto  |b txt  |2 rdacontenido 
337 |a sin mediación  |b n  |2 rdamedio 
338 |a volumen  |b nc  |2 rdasoporte 
440 1 |a (Libro Amigo ;  |v 924) 
520 |a María Teresa León Goyri (1903-1988), escritora, actriz y directora de escena. Realizó estudios de Filosofía y Letras en la Institución Libre de Enseñanza. Casada en segundas nupcias con Rafael Alberti, vivieron fuera de su país, primero por motivos de estudio y luego por cuestiones políticas; de esta manera, estuvieron en Alemania, la Unión Soviética, Dinamarca, Noruega, Bélgica, Holanda, Francia, Estados Unidos, Italia y Argentina, donde permanecieron por 23 años. A su regreso a su país natal, afectada por el mal de Alzheimer, prácticamente no recordaba nada. Desarrolló una intensa actividad teatral como activista y como creadora durante los años de la guerra civil; desde su exilio siguió creando literatura dramática. Su obra comprende varios géneros literarios: novelas (Contra viento y marea, 1941; Juego limpio, 1959), cuentos y relatos (Morirás lejos..., 1942; Las peregrinaciones de Teresa, 1950; Fábulas del tiempo amargo, 1962; Menesteos, marinero de abril, 1965); biografías noveladas (El gran amor de Gustavo Adolfo Bécquer, 1946; Don Rodrigo Díaz de Vivar, el Cid Campeador, 1954; Doña Jimena Díaz de Vivar, gran señora de todos los deberes, 1960; Cervantes, el soldado que nos enseñó a hablar, 1978), ensayos (La historia tiene la palabra, 1944), teatro (Huelga en el puerto, 1933; La libertad en el tejado; Sueño y verdad de Francisco de Goya) y un libro de memorias, su último escrito, titulado Memorias de la melancolía (1970). 
649 |a XX 
650 |a Escritores Españoles -  |x Memorias 
650 |a Refugiados Políticos Españoles 
650 |a Mujeres Españolas -  |x Memorias 
650 |a Memorias Españolas 
650 |a Literatura Española -  |y Siglo XX 
650 |a Literatura Española -  |x Historia y Crítica 
650 |a Literatura de Mujeres -  |z España 
650 |a Exilio Español en la Literatura 
650 |a Literatura y Sociedad -  |z España 
910 |a Fondo General 
920 |a Impresos - Libros 
930 |a Colección General 
940 |a Literatura 
905 |a 101 
901 |a 0500125983  |b IT1  |c LIT  |u 20250521 
902 |a https://opac.biblio.iteso.mx/vufind/Record/000184843